000 00718nam a2200217 a 4500
001 000010511
005 20240412074219.0
008 091007s1992 dr a 000 p spa d
040 _aDO-SdBNP
_bspa
_cBNPHU
082 _aRD861.44
_bM385c
100 1 _aMartínez, Frank,
_d1965-
_920617
245 1 0 _aCenizas del ocaso /
_cFrank Martínez.
260 _aSanto Domingo :
_bAbrahan de Jesús,
_c1992.
300 _a77 p. :
_bil. ;
_c20 cm.
500 _aIncluye datos biográficos del autor en la solapa.
500 _aIncluye notas al pie de las páginas.
590 _aInventariado, 2018/LP
650 0 _aPoesía dominicana
_966
650 0 _aLiteratura dominicana.
_967
910 _aValidado. Control de calidad MFF
999 _c10270
_d10270